Football - Les joueurs les plus fidèles à leur club - Statistiques

Statistiques générales
  • Ce quiz a été pris 132 fois
  • Le résultat moyen est 10 sur 39
Statistiques - réponses
Club, poste et nationalité du joueur Au club depuis Réponse % Correct
Bayern Munich - ATT (ALL) 16 ans 6 mois 20 jours Thomas MULLER
97%
Bayern Munich - GB (ALL) 13 ans 6 mois 20 jours Manuel NEUER
81%
Atletico Madrid - MIL (ESP) 16 ans 6 mois 20 jours KOKE
78%
Real Madrid - MIL (CRO) 12 ans 4 mois 24 jours Luka MODRIC
76%
PSG - DEF (BRE) 11 ans 6 mois 1 jour MARQUINHOS
72%
Leicester - ATT (ANG) 12 ans 6 mois 20 jours Jamie VARDY
67%
FC Barcelone - GB (ALL) 10 ans 6 mois 20 jours Marc-André TER STEGEN
64%
Atletico Madrid - GB (SVN) 10 ans 6 mois 4 jours Jan OBLAK
55%
Real Madrid - DEF (ESP) 11 ans 6 mois 20 jours Daniel CARVAJAL
54%
Athletic Bilbao - ATT (ESP) 10 ans 6 mois 20 jours Inaki WILLIAMS
53%
Atletico Madrid - DEF (URU) 11 ans 8 mois 26 jours José Maria GIMENEZ
47%
RB Leipzig - ATT (DAN) 11 ans 6 mois 16 jours Yusuf POULSEN
39%
Atletico Madrid - ATT (ARG) 10 ans 19 jours Angel CORREA
37%
Manchester United - DEF (ANG) 10 ans 6 mois 20 jours Luke SHAW
34%
Tottenham - DEF (GAL) 10 ans 5 mois 28 jours Ben DAVIES
29%
Everton - DEF (IRL) 14 ans 7 mois 20 jours Seamus COLEMAN
29%
Wolfsburg - MIL (ALL) 13 ans 19 jours Maximilian ARNOLD
18%
Brighton - DEF (ANG) 11 ans 2 mois 16 jours Lewis DUNK
12%
RB Leipzig - DEF (ALL) 10 ans 4 mois 24 jours Lukas KLOSTERMANN
12%
Valence - DEF (ESP) 12 ans 6 mois 20 jours José GAYA
10%
Hoffenheim - GB (ALL) 10 ans 6 mois 20 jours Oliver BAUMANN
9%
Montpellier - GB (FRA) 10 ans 6 mois 20 jours Dimitri BERTAUD
8%
Athletic Bilbao - (ESP) 15 ans 6 mois 20 jours Oscar DE MARCOS
7%
West Ham - DEF (ANG) 10 ans 6 mois 17 jours Aaron CRESSWELL
6%
Brighton - ATT (ANG) 11 ans 6 mois 20 jours Solly MARCH
6%
Eintracht Francfort - DEF (USA) 10 ans 6 mois 20 jours Timothy CHANDLER
6%
Crystal Palace - DEF (ANG) 12 ans 6 mois 20 jours Joel WARD
4%
Athletic Bilbao - (ESP) 10 ans 6 mois 20 jours Yeray ALVAREZ
4%
VFL Bochum - MIL (FRA) 10 ans 6 mois 20 jours Anthony LOSILLA
3%
Fribourg - DEF (ALL) 12 ans 6 mois 20 jours Christian GÜNTER
3%
Athletic Bilbao - (ESP) 15 ans 6 mois 20 jours Inigo LEKUE
3%
Valence - GB (ESP) 11 ans 6 mois 1 jour Jaume DOMENECH
3%
Union Berlin - DEF (AUT) 10 ans 6 mois 20 jours Christoph TRIMMEL
2%
Bournemouth - DEF (ANG) 10 ans 11 mois 23 jours Adam SMITH
1%
Real Sociedad - DEF (ESP) 12 ans 6 mois 20 jours Aritz ELUSTONDO
1%
Wolfsburg - GB (ALL) 10 ans 6 mois 20 jours Niklas KLINGER
1%
Osasuna - ATT (ESP) 10 ans 6 mois 20 jours Kike BARJA
0%
Fribourg - MIL (ALL) 11 ans 6 mois 21 jours Nicolas HOFLER
0%
Eintracht Francfort - DEF (ALL) 13 ans 20 jours Stefan BELL
0%
Aucun quiz correspondant
Distribution des résultats
% des personnes avec chaque résultat
Percentile par nombre de réponses
Votre historique - résultats
Vous n’avez pas pris ce quiz